[Event "26th EUR-ch"]
[Site "Katowice POL"]
[Date "2026.04.12"]
[Round "5.58"]
[White "Schoppen, Casper"]
[Black "Balacek, Tadeas"]
[Result "1-0"]
[WhiteElo "2588"]
[BlackElo "2396"]
[EventDate "2026.04.07"]
[PlyCount "89"]

1.d4 d5 2.c4 e6 3.Nf3 Nd7 4.g3 dxc4 5.Bg2 Rb8 6.a4 a6 7.a5 Bd6 8.Nfd2 b5 
9.axb6 Nxb6 10.O-O Ne7 11.Nxc4 Nxc4 12.Qa4+ Qd7 13.Qxc4 Qb5 14.Na3 Qxc4 
15.Nxc4 Rb4 16.Nxd6+ cxd6 17.e3 d5 18.Ra2 Kd7 19.Bd2 Rb3 20.Bf3 Rb8 21.Be2
Nf5 22.Bd1 Nd6 23.Ba4+ Nb5 24.Bb4 Bb7 25.Bc5 Bc6 26.Rc1 Rhc8 27.Bc2 Ra8 
28.Rca1 Nc7 29.g4 Bb5 30.f3 g6 31.Kf2 Ne8 32.h4 Nd6 33.b4 Rab8 34.Kg3 Nc4 
35.e4 dxe4 36.fxe4 e5 37.dxe5 Ke8 38.Kf4 Rd8 39.Rxa6 Nb2 40.Rd6 Nd3+ 41.
Bxd3 Bxd3 42.Ra7 Bc4 43.Kg5 Be6 44.Rxe6+ fxe6 45.Rxh7 1-0

[Event "26th EUR-ch"]
[Site "Katowice POL"]
[Date "2026.04.12"]
[Round "5.59"]
[White "Petrosian, Manuel"]
[Black "Sukiasian, Vahe A."]
[Result "1/2-1/2"]
[WhiteElo "2584"]
[BlackElo "2395"]
[EventDate "2026.04.07"]
[PlyCount "102"]

1.e4 e5 2.Nf3 Nc6 3.Bc4 Nf6 4.d3 Be7 5.O-O O-O 6.h3 d6 7.c3 Na5 8.Bb5 a6 
9.Ba4 b5 10.Bc2 c5 11.Re1 Re8 12.Nbd2 Bf8 13.Nf1 h6 14.Ng3 Bb7 15.d4 cxd4 
16.cxd4 exd4 17.Nxd4 Rc8 18.b3 Nc6 19.Nxc6 Rxc6 20.Bb2 Nd5 21.Ne2 Nf6 22.
Qd3 g6 23.Rad1 Bg7 24.Ng3 Nd7 25.Bxg7 Kxg7 26.Bb1 Qb6 27.Ne2 Nf6 28.Qd4 
Qxd4 29.Nxd4 Rc7 30.f3 Rce7 31.Kf2 d5 32.e5 Rxe5 33.Rxe5 Rxe5 34.Bd3 Re7 
35.Rc1 Ne8 36.a4 bxa4 37.bxa4 Rc7 38.Rb1 Nd6 39.Ke3 Bc8 40.Ne2 Bf5 41.Kd4 
Bxd3 42.Kxd3 Nb7 43.Kd4 Nc5 44.Rb4 Ne6+ 45.Kd3 Kf6 46.Rb6 Ke5 47.g3 g5 48.
f4+ gxf4 49.gxf4+ Nxf4+ 50.Nxf4 Kxf4 51.Rxa6 Rc4 1/2-1/2

[Event "26th EUR-ch"]
[Site "Katowice POL"]
[Date "2026.04.12"]
[Round "5.60"]
[White "Socko, Bartosz"]
[Black "Kiolbasa, Oliwia"]
[Result "1-0"]
[WhiteElo "2584"]
[BlackElo "2394"]
[EventDate "2026.04.07"]
[PlyCount "95"]

1.e4 c5 2.Nf3 d6 3.d4 cxd4 4.Nxd4 Nf6 5.Nc3 a6 6.g3 e5 7.Nb3 Be7 8.Bg2 O-O
9.O-O h6 10.Re1 Qc7 11.a4 b6 12.Nd2 Nc6 13.Nf1 Bg4 14.Nd5 Bxd1 15.Nxc7 
Rac8 16.Rxd1 Rxc7 17.c3 Na5 18.Nd2 Nc4 19.Nxc4 Rxc4 20.Bf1 Rc7 21.Bxa6 
Nxe4 22.Be3 Rb8 23.Bf1 h5 24.Rd5 Nc5 25.b4 Ne4 26.Rb5 Nxc3 27.Rxb6 Ra8 28.
a5 d5 29.a6 d4 30.Bd2 f5 31.Re6 Bxb4 32.Rxe5 g6 33.Re6 Kf7 34.Rb6 Bc5 35.
Rb3 Bd6 36.h4 Kg7 37.Kg2 Kf7 38.Bd3 Kg7 39.Rb6 Bc5 40.Re6 Nd5 41.Ra5 Nc3 
42.Bf4 Rcc8 43.Be5+ Kh7 44.a7 Nd5 45.Bd6 Bxd6 46.Rxd5 Bc5 47.Rd7+ Kh8 48.
Rxg6 1-0

[Event "26th EUR-ch"]
[Site "Katowice POL"]
[Date "2026.04.12"]
[Round "5.61"]
[White "Oktem, Ege Tuna"]
[Black "Yilmaz, Mustafa"]
[Result "1/2-1/2"]
[WhiteElo "2392"]
[BlackElo "2582"]
[EventDate "2026.04.07"]
[PlyCount "113"]

1.e4 e5 2.Nf3 Nc6 3.Bc4 Nf6 4.d3 h6 5.c3 d6 6.O-O g5 7.Re1 Bg7 8.d4 Bg4 9.
Bb5 exd4 10.e5 Nd5 11.exd6+ Kf8 12.Bxc6 bxc6 13.dxc7 Nxc7 14.cxd4 Ne6 15.
h3 Bh5 16.Nc3 Nxd4 17.g4 Bg6 18.Nxd4 Bxd4 19.Be3 Bxe3 20.Rxe3 h5 21.Qd3 
Qd7 22.Qxd7 Rc8 23.Qd8+ Rxd8 24.Rd1 Rb8 25.Re5 hxg4 26.hxg4 Rh4 27.Rxg5 
Rxb2 28.Kg2 f6 29.Rc5 Rxg4+ 30.Kf3 Rg5 31.Rxg5 fxg5 32.Rd6 Be8 33.Ne4 Ke7 
34.Rh6 Rxa2 35.Nxg5 a5 36.Rh7+ Kd6 37.Ne4+ Ke6 38.Kf4 Bg6 39.Rh6 Kf7 40.
Nd6+ Kf6 41.Ne8+ Kf7 42.Nd6+ Kg7 43.Kg5 Bb1 44.Rf6 Kg8 45.Nf5 Bxf5 46.Rxf5
a4 47.Rc5 Rxf2 48.Rxc6 a3 49.Ra6 Ra2 50.Kg6 Kf8 51.Kf6 Ke8 52.Ke6 Kd8 53.
Kd5 Kc7 54.Kc4 Kb7 55.Kb3 Rb2+ 56.Kxa3 Kxa6 57.Kxb2 1/2-1/2

[Event "26th EUR-ch"]
[Site "Katowice POL"]
[Date "2026.04.12"]
[Round "5.62"]
[White "Finek, Vaclav"]
[Black "Rubes, Jan"]
[Result "1-0"]
[WhiteElo "2571"]
[BlackElo "2393"]
[EventDate "2026.04.07"]
[PlyCount "87"]

1.d4 Nf6 2.c4 g6 3.Nc3 Bg7 4.e4 d6 5.h3 O-O 6.Be3 c6 7.g4 c5 8.Nge2 cxd4 
9.Nxd4 Nc6 10.Bg2 Nxd4 11.Bxd4 Qa5 12.Qd2 Be6 13.b3 h5 14.g5 Ne8 15.f4 
Bxd4 16.Qxd4 Ng7 17.O-O Rac8 18.Rae1 Qc5 19.Qxc5 Rxc5 20.h4 Rb8 21.Rf2 a6 
22.a4 b5 23.axb5 axb5 24.Nxb5 Bd7 25.Bf1 Bxb5 26.cxb5 e6 27.Rd2 Ne8 28.Ra1
Rc3 29.Bc4 Rh3 30.Rda2 Nc7 31.Ra7 Nxb5 32.Ra8 Rxa8 33.Rxa8+ Kg7 34.Bxb5 
Rxb3 35.Be8 Rf3 36.e5 d5 37.Ra4 Kf8 38.Bb5 Rb3 39.Be2 Rb7 40.Kf2 Kg7 41.
Ra3 Rb4 42.Kg3 Rb7 43.Bf3 Rb1 44.f5 1-0

[Event "26th EUR-ch"]
[Site "Katowice POL"]
[Date "2026.04.12"]
[Round "5.63"]
[White "Lazov, Toni"]
[Black "Costa, Leonardo"]
[Result "0-1"]
[WhiteElo "2389"]
[BlackElo "2556"]
[EventDate "2026.04.07"]
[PlyCount "116"]

1.e4 c6 2.Nf3 d5 3.exd5 cxd5 4.Ne5 Nc6 5.Bb5 Bd7 6.Bxc6 Bxc6 7.O-O Nf6 8.
d4 e6 9.Re1 Bd6 10.c3 Qc7 11.Bf4 O-O 12.Nd2 Ne4 13.Nxe4 dxe4 14.Bg3 Rad8 
15.Nxc6 Qxc6 16.Bxd6 Rxd6 17.Qe2 f5 18.f3 exf3 19.Qxf3 Qxf3 20.gxf3 g5 21.
Kf2 Kf7 22.Re5 Rb6 23.Re2 h5 24.a4 a5 25.Ke3 Kf6 26.Kd3 g4 27.f4 h4 28.Rg1
Kg6 29.Kc2 Rd8 30.h3 g3 31.Rd2 Rbd6 32.Re1 Kf6 33.b3 Rd5 34.Rde2 R8d6 35.
Re5 Rc6 36.Kd2 Rxe5 37.dxe5+ Ke7 38.Re2 Rc8 39.Rg2 Kd7 40.Kd3 Kc6 41.Rg1 
Rd8+ 42.Ke3 b5 43.axb5+ Kxb5 44.Ke2 Rg8 45.Rg2 Kc5 46.Kf3 Rd8 47.b4+ Kb5 
48.bxa5 Rd3+ 49.Ke2 Rxc3 50.Rg1 Kxa5 51.Ra1+ Kb5 52.Ra8 Rc2+ 53.Kf1 Rf2+ 
54.Kg1 Rxf4 55.Re8 Kc5 56.Rxe6 Kd5 57.Re8 Re4 58.e6 Rxe6 0-1

[Event "26th EUR-ch"]
[Site "Katowice POL"]
[Date "2026.04.12"]
[Round "5.64"]
[White "Kiladze, Luka"]
[Black "Vykouk, Jan"]
[Result "1-0"]
[WhiteElo "2380"]
[BlackElo "2553"]
[EventDate "2026.04.07"]
[PlyCount "83"]

1.e4 c5 2.Nf3 e6 3.d3 Nc6 4.g3 d6 5.Bg2 Nf6 6.O-O Be7 7.c3 O-O 8.Re1 Bd7 
9.d4 cxd4 10.cxd4 d5 11.e5 Ne4 12.Nbd2 Nxd2 13.Bxd2 Qb6 14.Bc3 a5 15.a4 
Rac8 16.h4 Nb4 17.h5 h6 18.Bf1 Qd8 19.Re3 b5 20.axb5 Rb8 21.Qa4 Qe8 22.Ne1
Bxb5 23.Qxa5 Bxf1 24.Kxf1 f5 25.exf6 Rxf6 26.Qa7 Bd6 27.Bxb4 Rxb4 28.Nd3 
Bb8 29.Qc5 Rb5 30.Qc2 Qxh5 31.Kg2 Qf5 32.b4 h5 33.Qc8+ Kh7 34.Ra8 e5 35.
Qxf5+ Rxf5 36.dxe5 d4 37.Rf3 Rg5 38.Rf8 Bc7 39.Rf7 Bb8 40.Rf8 Bc7 41.Rac8 
Bxe5 42.f4 1-0

[Event "26th EUR-ch"]
[Site "Katowice POL"]
[Date "2026.04.12"]
[Round "5.65"]
[White "Ambartsumian, Tyhran"]
[Black "Warmerdam, Max"]
[Result "1/2-1/2"]
[WhiteElo "2372"]
[BlackElo "2545"]
[EventDate "2026.04.07"]
[PlyCount "133"]

1.e4 c6 2.d4 d5 3.e5 Bf5 4.h4 h5 5.c4 e6 6.Nc3 Ne7 7.Nge2 Nd7 8.Ng3 Bg4 9.
f3 Bf5 10.cxd5 cxd5 11.Qb3 Qb6 12.Qxb6 Nxb6 13.Bb5+ Kd8 14.Nce2 Bh7 15.Nf4
a6 16.Be2 Nc6 17.Be3 Nb4 18.Kf2 Na4 19.a3 Nc2 20.Ra2 Rc8 21.Rc1 Nxe3 22.
Rxc8+ Kxc8 23.Kxe3 Bc2 24.b4 Bb3 25.Ra1 g6 26.Nh3 Kd7 27.Ng5 Bh6 28.Rc1 
Bxg5+ 29.hxg5 b5 30.Nf1 Bc4 31.Nd2 Nb6 32.Bd1 Ra8 33.Rc3 Nc8 34.Bc2 Ne7 
35.Nb3 Bxb3 36.Rxb3 Rc8 37.Bd3 Nf5+ 38.Bxf5 gxf5 39.Kd3 f4 40.Rc3 Rxc3+ 
41.Kxc3 Ke7 42.Kd2 Kf8 43.g6 fxg6 44.Ke2 Kg7 45.Kf2 Kh6 46.Kg1 g5 47.Kf2 
g4 48.Kf1 Kg5 49.Kg1 Kg6 50.Kf1 Kf5 51.Kf2 h4 52.Ke2 Kg5 53.Kf2 Kh5 54.Kf1
Kg6 55.Ke2 Kf5 56.Kf2 Kg5 57.Kf1 Kg6 58.Ke2 Kf5 59.Kf2 Kg5 60.Kf1 h3 61.
gxh3 gxf3 62.Kf2 Kh4 63.Kxf3 Kxh3 64.Kxf4 Kh4 65.Kf3 Kh5 66.Kf4 Kh6 67.Kf3
1/2-1/2

[Event "26th EUR-ch"]
[Site "Katowice POL"]
[Date "2026.04.12"]
[Round "5.66"]
[White "Talu, Mircea"]
[Black "Razafindratsima, Timothe"]
[Result "1/2-1/2"]
[WhiteElo "2371"]
[BlackElo "2537"]
[EventDate "2026.04.07"]
[PlyCount "178"]

1.d4 d5 2.c4 e6 3.Nf3 Nf6 4.Nc3 c6 5.e3 Nbd7 6.Bd3 dxc4 7.Bxc4 b5 8.Bd3 a6
9.O-O c5 10.a4 b4 11.Ne2 Bb7 12.Re1 Bxf3 13.gxf3 Bd6 14.f4 O-O 15.e4 Be7 
16.e5 Nd5 17.f5 exf5 18.Bxf5 a5 19.Qd3 g6 20.Be4 N7b6 21.Nf4 Nxf4 22.Bxf4 
Rc8 23.d5 Bg5 24.Bg3 c4 25.Qd4 f5 26.exf6 Bxf6 27.Qe3 Bg5 28.f4 Bf6 29.f5 
g5 30.d6 Kh8 31.Rad1 c3 32.b3 c2 33.Rc1 Rc3 34.Qe2 Rxb3 35.Rxc2 Rxg3+ 36.
hxg3 Qxd6 37.Kg2 Nxa4 38.Rc6 Qe5 39.Bc2 Qd5+ 40.Qf3 Qa2 41.Qb3 Qxb3 42.
Bxb3 Nc3 43.Ree6 a4 44.Bxa4 Nxa4 45.Rxf6 Rxf6 46.Rxf6 b3 47.Rf8+ Kg7 48.
Rb8 b2 49.g4 Kf6 50.Rb5 Ke7 51.Kf1 Kf6 52.Ke1 Nc5 53.Ke2 h5 54.gxh5 Ne4 
55.Rxb2 Kxf5 56.h6 Nf6 57.Rb6 Nh7 58.Ke3 Nf6 59.Kd4 Nh7 60.Ra6 Nf6 61.Rb6 
Nh7 62.Rc6 Nf6 63.Ra6 Nh7 64.Kd5 Nf6+ 65.Kd6 g4 66.Ra1 Kg6 67.Ke5 Ng8 68.
Ra6+ Kh7 69.Kf5 g3 70.Kg5 g2 71.Ra7+ Kh8 72.Ra1 Kh7 73.Rg1 Nxh6 74.Rxg2 
Kg7 75.Kh5+ Kh7 76.Rg5 Nf7 77.Rg6 Nh8 78.Ra6 Nf7 79.Kg4 Kg7 80.Kf5 Nh6+ 
81.Ke5 Nf7+ 82.Ke6 Kg6 83.Rb6 Nh6 84.Rb8 Kg5 85.Rh8 Kg6 86.Rf8 Kg5 87.Rf1 
Ng4 88.Rg1 Kf4 89.Rxg4+ Kxg4 1/2-1/2

[Event "26th EUR-ch"]
[Site "Katowice POL"]
[Date "2026.04.12"]
[Round "5.67"]
[White "Piorun, Kacper"]
[Black "Svanda, Ondrej"]
[Result "1-0"]
[WhiteElo "2536"]
[BlackElo "2385"]
[EventDate "2026.04.07"]
[PlyCount "81"]

1.e4 c5 2.a4 Nc6 3.Bb5 g6 4.f4 d5 5.Nc3 dxe4 6.Nxe4 Bg7 7.Nxc5 Qd5 8.d4 
Bxd4 9.Nf3 Qxc5 10.Qxd4 Qxd4 11.Nxd4 Bd7 12.Be3 Nf6 13.O-O-O Nd5 14.Rhe1 
e6 15.Bxc6 Bxc6 16.Nxc6 bxc6 17.Bd4 O-O 18.Bc5 Rfd8 19.Re4 Re8 20.g3 a6 
21.c4 Nf6 22.Re2 Rac8 23.a5 h5 24.h3 Rc7 25.Rd6 Rec8 26.b4 Nd7 27.Bf2 Kf8 
28.Red2 Ke8 29.Bb6 Rb7 30.c5 Ke7 31.Kd1 Nf8 32.b5 axb5 33.a6 Rd7 34.a7 
Rxd6 35.Rxd6 Nd7 36.Rxc6 Ra8 37.Rc7 Kd8 38.Ba5 Ke8 39.c6 Nc5 40.Rb7 Na6 
41.Rd7 1-0

[Event "26th EUR-ch"]
[Site "Katowice POL"]
[Date "2026.04.12"]
[Round "5.68"]
[White "Wadsworth, Matthew"]
[Black "Yordanov, Lachezar"]
[Result "1-0"]
[WhiteElo "2532"]
[BlackElo "2384"]
[EventDate "2026.04.07"]
[PlyCount "59"]

1.Nf3 d5 2.g3 Bg4 3.Bg2 e6 4.h3 Bh5 5.O-O Nf6 6.d4 Nbd7 7.c4 c6 8.cxd5 
exd5 9.Nh4 Bg6 10.Nxg6 hxg6 11.h4 Bd6 12.Bg5 O-O 13.Nc3 Qb6 14.Qd3 Rfe8 
15.Rab1 a5 16.a3 a4 17.Bf3 Qa6 18.Qc2 Be7 19.Kg2 Nb6 20.Rh1 Nc4 21.Bxf6 
Bxf6 22.e4 Bxd4 23.exd5 Ne5 24.Be2 Qb6 25.h5 Qc5 26.hxg6 Nxg6 27.Bf3 cxd5 
28.Bxd5 Bxc3 29.Qf5 Qc7 30.Qxg6 1-0

[Event "26th EUR-ch"]
[Site "Katowice POL"]
[Date "2026.04.12"]
[Round "5.69"]
[White "Aslanov, Umid"]
[Black "Kempinski, Robert"]
[Result "0-1"]
[WhiteElo "2368"]
[BlackElo "2527"]
[EventDate "2026.04.07"]
[PlyCount "78"]

1.e4 c5 2.Nf3 d6 3.d4 cxd4 4.Nxd4 Nf6 5.Nc3 a6 6.Qd3 e6 7.a4 Bd7 8.a5 Nc6 
9.Nxc6 Bxc6 10.Bg5 Be7 11.Be2 Qc7 12.Qd4 h6 13.Bh4 O-O 14.Bd3 Rfe8 15.O-O 
Rac8 16.Na4 e5 17.Qe3 Bxa4 18.Rxa4 Qd7 19.b3 Ng4 20.Qh3 Bxh4 21.Qxh4 Nf6 
22.Rd1 Rc5 23.c4 Nh7 24.Ra2 Ng5 25.Be2 Qd8 26.Kf1 Rxa5 27.Rxa5 Qxa5 28.
Rxd6 Qa2 29.Bd1 Qb1 30.f3 Ne6 31.Qe1 Nd4 32.Qd2 a5 33.Rd7 Rc8 34.Rxb7 a4 
35.Kf2 a3 36.Ra7 Qb2 37.Ke3 Rd8 38.Qe1 Nf5+ 39.exf5 Qd4+ 0-1

[Event "26th EUR-ch"]
[Site "Katowice POL"]
[Date "2026.04.12"]
[Round "5.70"]
[White "Mastrovasilis, Dimitrios"]
[Black "Arat, Ufuk Sezen"]
[Result "1-0"]
[WhiteElo "2526"]
[BlackElo "2372"]
[EventDate "2026.04.07"]
[PlyCount "87"]

1.e4 e6 2.d4 d5 3.Nc3 Nf6 4.Bg5 dxe4 5.Nxe4 Nbd7 6.Nxf6+ Nxf6 7.Nf3 h6 8.
Be3 Nd5 9.Bd2 c5 10.Bb5+ Bd7 11.Qe2 Bxb5 12.Qxb5+ Qd7 13.Qxd7+ Kxd7 14.c4 
Nb4 15.Ne5+ Ke8 16.Bxb4 cxb4 17.Ke2 Bd6 18.Nd3 a5 19.a3 bxa3 20.bxa3 Kd7 
21.Rhb1 Kc6 22.Rb5 b6 23.Rab1 Rab8 24.a4 f6 25.h4 Rhe8 26.f4 Bc7 27.Ke3 
Bd6 28.h5 Rg8 29.Kf3 Bc7 30.Re1 Rge8 31.Ke4 Rbd8 32.Rc1 Kb7 33.Rcb1 Kc6 
34.Rc1 Kb7 35.Rcb1 Kc6 36.c5 Rd5 37.Rc1 Kb7 38.c6+ Kc8 39.Rxd5 exd5+ 40.
Kxd5 Re2 41.Re1 Rxe1 42.Nxe1 Bxf4 43.Nc2 Bc1 44.Kc4 1-0

[Event "26th EUR-ch"]
[Site "Katowice POL"]
[Date "2026.04.12"]
[Round "5.71"]
[White "Luczak, Filip"]
[Black "Vogel, Roven"]
[Result "1/2-1/2"]
[WhiteElo "2362"]
[BlackElo "2524"]
[EventDate "2026.04.07"]
[PlyCount "108"]

1.d4 Nf6 2.Nc3 d5 3.Bf4 c5 4.e3 cxd4 5.exd4 a6 6.Nf3 Nc6 7.Ne5 Bd7 8.Ne2 
e6 9.Nc1 Rc8 10.c3 Nxe5 11.Bxe5 Be7 12.Be2 O-O 13.O-O Ne4 14.a4 b5 15.axb5
axb5 16.Nd3 Qb6 17.f3 Nd6 18.Nc5 Qd8 19.Ra7 Be8 20.b4 Bc6 21.Qd2 Bg5 22.
Qc2 Bf6 23.f4 Ne4 24.Bd3 g6 25.Qe2 Nxc3 26.Qg4 Ne4 27.Bxe4 dxe4 28.Nxe6 
Bd7 29.Nxd8 Bxg4 30.Bxf6 Rfxd8 31.Bxd8 Rxd8 32.Rb7 Be2 33.Re1 Bc4 34.Re7 
Rxd4 35.R7xe4 Rd2 36.Rc1 Rb2 37.Rexc4 bxc4 38.Rxc4 h5 39.h3 Kg7 40.g4 h4 
41.g5 Rb3 42.Kg2 Rg3+ 43.Kh2 Rb3 44.Re4 Rb2+ 45.Kg1 Rb3 46.Kg2 Rg3+ 47.Kh2
Rb3 48.f5 gxf5 49.Rxh4 Kg6 50.Rc4 Kxg5 51.h4+ Kf6 52.Kg2 Ke5 53.h5 Kf6 54.
h6 Ke5 1/2-1/2

[Event "26th EUR-ch"]
[Site "Katowice POL"]
[Date "2026.04.12"]
[Round "5.72"]
[White "Beydullayeva, Govhar"]
[Black "Petriashvili, Nikoloz"]
[Result "0-1"]
[WhiteElo "2358"]
[BlackElo "2518"]
[EventDate "2026.04.07"]
[PlyCount "114"]

1.d4 d6 2.Nf3 Nf6 3.c4 g6 4.Nc3 Bg4 5.e4 Nc6 6.Be2 e5 7.d5 Bxf3 8.Bxf3 Nd4
9.Be3 Bg7 10.Bxd4 exd4 11.Qxd4 O-O 12.Qd2 Re8 13.O-O Nd7 14.Rae1 Qf6 15.
Bd1 Re7 16.Bc2 Qd4 17.Qxd4 Bxd4 18.Nb5 Bxb2 19.Nxc7 Rc8 20.Nb5 Rxc4 21.Bb3
Rcxe4 22.Rxe4 Rxe4 23.Nxd6 Rb4 24.Rb1 Bd4 25.Bc2 Bb2 26.Bb3 Be5 27.Nc4 Kf8
28.Kf1 b5 29.Na5 Rh4 30.h3 Rf4 31.Nc6 a6 32.g3 Rf3 33.Ke2 Rc3 34.Kd2 Rc5 
35.Nxe5 Nxe5 36.Ke3 Ke7 37.f4 Nc4+ 38.Bxc4 Rxc4 39.Rb3 Ra4 40.a3 Kd6 41.
Rd3 f5 42.Kd2 Rc4 43.h4 h5 44.Re3 Kxd5 45.Re5+ Kd4 46.Re6 Ra4 47.Re3 Kd5 
48.Kc2 Re4 49.Rd3+ Kc5 50.Kb3 a5 51.Kc3 a4 52.Kb2 Re2+ 53.Kb1 Rg2 54.Kc1 
Kc4 55.Rf3 Kd4 56.Kd1 Ra2 57.Kc1 Re2 0-1

[Event "26th EUR-ch"]
[Site "Katowice POL"]
[Date "2026.04.12"]
[Round "5.73"]
[White "Zielonka, Adam"]
[Black "Royal, Shreyas"]
[Result "0-1"]
[WhiteElo "2350"]
[BlackElo "2515"]
[EventDate "2026.04.07"]
[PlyCount "98"]

1.e4 c5 2.Nf3 d6 3.d4 cxd4 4.Nxd4 Nf6 5.Nc3 Nc6 6.Bg5 Bd7 7.Qd2 Rc8 8.
O-O-O Nxd4 9.Qxd4 Qa5 10.h4 e5 11.Qd3 Rxc3 12.Qxc3 Qxc3 13.bxc3 Nxe4 14.
Be3 b6 15.Kb2 f5 16.Bd3 Nf6 17.f3 Be6 18.Rhe1 Be7 19.f4 Kf7 20.g3 Rc8 21.
fxe5 dxe5 22.Bg1 e4 23.Bb5 Ng4 24.Bd4 Bd6 25.Be2 Bxg3 26.Bxg4 Bxe1 27.Rxe1
fxg4 28.Rxe4 Bf5 29.Re5 g6 30.a4 Rc6 31.Kc1 Re6 32.c4 g3 33.c5 Rc6 34.Kd2 
bxc5 35.Be3 Rd6+ 36.Ke1 c4 37.c3 Rd3 38.Bd4 Bg4 39.Kf1 Bh3+ 40.Ke2 Bg4+ 
41.Kf1 Bh3+ 42.Ke2 a6 43.Re3 Bg4+ 44.Kf1 Bf3 45.Re1 Rd2 46.a5 Ra2 47.Bb6 
Kf6 48.Bc7 Rf2+ 49.Kg1 Rh2 0-1

[Event "26th EUR-ch"]
[Site "Katowice POL"]
[Date "2026.04.12"]
[Round "5.74"]
[White "Kaczmarek, Aleksander"]
[Black "Nasuta, Grzegorz"]
[Result "1/2-1/2"]
[WhiteElo "2340"]
[BlackElo "2506"]
[EventDate "2026.04.07"]
[PlyCount "44"]

1.e4 c5 2.Nf3 d6 3.d4 cxd4 4.Nxd4 Nf6 5.Nc3 a6 6.Bc4 e6 7.Bb3 b5 8.O-O Be7
9.Qf3 Qb6 10.Be3 Qb7 11.a3 O-O 12.Rad1 Nbd7 13.Rfe1 Nc5 14.e5 dxe5 15.Nc6 
e4 16.Nxe7+ Qxe7 17.Bxc5 Qxc5 18.Nxe4 Nxe4 19.Qxe4 Ra7 20.h4 Rd7 21.Rxd7 
Bxd7 22.Qf4 Rc8 1/2-1/2

[Event "26th EUR-ch"]
[Site "Katowice POL"]
[Date "2026.04.12"]
[Round "5.75"]
[White "Kilic, Eray"]
[Black "Plichta, Kamil"]
[Result "1-0"]
[WhiteElo "2502"]
[BlackElo "2361"]
[EventDate "2026.04.07"]
[PlyCount "63"]

1.e4 g6 2.d4 Bg7 3.Nc3 d6 4.f4 Nf6 5.Nf3 O-O 6.Bd3 Nc6 7.e5 dxe5 8.dxe5 
Nd5 9.Nxd5 Qxd5 10.Qe2 Bg4 11.Be4 Qa5+ 12.Bd2 Qb6 13.O-O-O Nd4 14.Qe3 Rfd8
15.Qa3 Bf5 16.Ba5 Qa6 17.Bxf5 Nxf5 18.g4 Ne3 19.Qxe3 Qxa5 20.a3 Qb6 21.Qe4
Qe6 22.f5 Qa2 23.c3 Qb3 24.h4 c6 25.h5 gxf5 26.Qxf5 h6 27.g5 Qb6 28.Rde1 
c5 29.e6 fxe6 30.Rxe6 Rd6 31.Rxe7 Rf8 32.Rxg7+ 1-0

[Event "26th EUR-ch"]
[Site "Katowice POL"]
[Date "2026.04.12"]
[Round "5.76"]
[White "Vijayakumar, Rishi"]
[Black "Gokerkan, Cem Kaan"]
[Result "0-1"]
[WhiteElo "2347"]
[BlackElo "2501"]
[EventDate "2026.04.07"]
[PlyCount "94"]

1.d4 Nf6 2.c4 g6 3.Nc3 Bg7 4.e4 d6 5.Be2 O-O 6.Be3 a5 7.Nf3 Ng4 8.Bg5 h6 
9.Bh4 a4 10.O-O c5 11.dxc5 g5 12.Bg3 a3 13.Qb3 axb2 14.Rad1 Qa5 15.Nd5 Nc6
16.cxd6 exd6 17.Bxd6 Qxa2 18.Qxa2 Rxa2 19.Bxf8 Kxf8 20.Bd3 Ra3 21.Bb1 Be6 
22.Rd2 Ra4 23.c5 Ra5 24.Rc2 Nge5 25.Nxe5 Bxe5 26.Kh1 Ra1 27.g3 Bh3 28.Rg1 
Bd4 29.Rd2 Ra3 30.Ne3 Bc3 31.Rd3 Ne5 32.Rd8+ Kg7 33.g4 Ra1 34.Rdd1 h5 35.
Rg3 Nxg4 36.Kg1 Bd2 37.Rxh3 Nxe3 38.Rxe3 Bc1 39.Rb3 Rxb1 40.Ra3 Ra1 41.Rb3
b1=Q 42.Rxb1 Rxb1 43.Kg2 Ra1 44.Rd7 Ba3 45.e5 Re1 46.Rxb7 Bxc5 47.h4 Rxe5 
0-1

[Event "26th EUR-ch"]
[Site "Katowice POL"]
[Date "2026.04.12"]
[Round "5.77"]
[White "Psyk, Radoslaw"]
[Black "Bettalli, Francesco"]
[Result "1/2-1/2"]
[WhiteElo "2501"]
[BlackElo "2358"]
[EventDate "2026.04.07"]
[PlyCount "171"]

1.e4 e5 2.Nf3 Nc6 3.d4 exd4 4.Nxd4 Bc5 5.Nb3 Bb6 6.Nc3 Qf6 7.Qe2 Nge7 8.h4
d6 9.Bg5 Qe6 10.O-O-O Bd7 11.g3 f6 12.Bh3 Qf7 13.Bxd7+ Kxd7 14.Be3 Bxe3+ 
15.Qxe3 Rad8 16.Nd4 Kc8 17.Nxc6 Nxc6 18.Nd5 Rhe8 19.Rhe1 f5 20.Qb3 Kb8 21.
exf5 Qxf5 22.f4 h6 23.Qc3 Rxe1 24.Qxe1 g5 25.Ne7 Nxe7 26.Qxe7 Rg8 27.fxg5 
hxg5 28.h5 Qh3 29.Qf7 Rh8 30.Re1 a5 31.Re8+ Rxe8 32.Qxe8+ Ka7 33.Qe3+ c5 
34.Qe1 Kb6 35.g4 Qxg4 36.Qh1 Qf4+ 37.Kb1 g4 38.h6 Qf3 39.Qc1 Qh3 40.a4 g3 
41.Qf4 Kc7 42.Qf7+ Kb8 43.Qf8+ Ka7 44.Qg8 Qf1+ 45.Ka2 g2 46.h7 g1=Q 47.
Qxg1 Qxg1 48.h8=Q Qd4 49.Qe8 Qd5+ 50.b3 c4 51.Qe3+ Kb8 52.Qe8+ Kc7 53.Qe7+
Kb6 54.Qd8+ Ka7 55.bxc4 Qxc4+ 56.Kb2 Qd4+ 57.Kc1 Qa1+ 58.Kd2 Qxa4 59.Qxd6 
Qc4 60.Kc1 Qb4 61.Qe5 a4 62.Qe3+ b6 63.Qe6 Qb5 64.Qe4 Kb8 65.Qf4+ Kb7 66.
Qf3+ Qc6 67.Qf7+ Ka6 68.Kb2 Kb5 69.Qf5+ Qc5 70.Qd7+ Ka5 71.Qd8 a3+ 72.Ka2 
Kb4 73.Qd2+ Qc3 74.Qd6+ Kb5 75.Qd7+ Ka5 76.Qa7+ Kb5 77.Qd7+ Kb4 78.Qd6+ 
Qc5 79.Qd2+ Ka4 80.Qd3 b5 81.Qb3+ Ka5 82.Qxa3+ Qxa3+ 83.Kxa3 b4+ 84.Kb3 
Kb5 85.c3 bxc3 86.Kxc3 1/2-1/2

[Event "26th EUR-ch"]
[Site "Katowice POL"]
[Date "2026.04.12"]
[Round "5.78"]
[White "Velten, Paul"]
[Black "Morkunas, Gustas"]
[Result "1-0"]
[WhiteElo "2500"]
[BlackElo "2350"]
[EventDate "2026.04.07"]
[PlyCount "87"]

1.e4 e5 2.Nf3 Nc6 3.Bb5 a6 4.Ba4 d6 5.O-O Bd7 6.c3 g6 7.d4 Bg7 8.Re1 Nf6 
9.Bc2 O-O 10.h3 Nh5 11.Be3 Kh8 12.Nbd2 Qe8 13.dxe5 dxe5 14.Nf1 Rd8 15.Qc1 
f5 16.Bg5 Bf6 17.Bxf6+ Nxf6 18.exf5 gxf5 19.Ng3 e4 20.Bb3 Ne5 21.Nxe5 Qxe5
22.Qg5 Rde8 23.Rad1 Re7 24.Ne2 e3 25.f3 Bc6 26.Kh1 Rg7 27.Qh6 Re8 28.Nf4 
Ng8 29.Bxg8 Rgxg8 30.Rd3 Qg7 31.Qxg7+ Kxg7 32.Rdxe3 Rxe3 33.Rxe3 Kf6 34.
Re6+ Kg5 35.Ne2 Bd5 36.Re7 c5 37.b3 h5 38.Re5 Rd8 39.c4 Bc6 40.Rxc5 Rd1+ 
41.Kh2 Rd2 42.Ng3 Rxa2 43.Nxf5 Kf4 44.Nd4 1-0

[Event "26th EUR-ch"]
[Site "Katowice POL"]
[Date "2026.04.12"]
[Round "5.79"]
[White "Prazak, Daniel"]
[Black "Cieslak, Patryk"]
[Result "1/2-1/2"]
[WhiteElo "2339"]
[BlackElo "2495"]
[EventDate "2026.04.07"]
[PlyCount "120"]

1.e4 c6 2.Nf3 d5 3.d3 e6 4.Be3 Nd7 5.Nbd2 Ngf6 6.e5 Ng4 7.Bf4 f6 8.exf6 
Qxf6 9.Bg3 Nh6 10.d4 Nf5 11.c3 Nxg3 12.hxg3 Bd6 13.Bd3 g6 14.O-O O-O 15.
Qb3 a5 16.a4 Kg7 17.Rae1 e5 18.c4 exd4 19.cxd5 Nc5 20.Qc4 b5 21.axb5 cxb5 
22.Qc2 Bb7 23.Nb3 Nxd3 24.Qxd3 Bxd5 25.Qxb5 Qf7 26.Ng5 Rfb8 27.Nxf7 Rxb5 
28.Nxd4 Rb6 29.Nxd6 Rxd6 30.Nb5 Rd7 31.Rd1 Rb8 32.Nc3 Bc6 33.Rxd7+ Bxd7 
34.Ra1 a4 35.Nxa4 Bxa4 36.Rxa4 Rb7 37.b3 Rxb3 38.g4 Rb1+ 39.Kh2 g5 40.g3 
Rb2 41.Kg2 Rc2 42.Ra1 Rc4 43.Kh3 Rc3 44.Rf1 Kg6 45.f3 h5 46.gxh5+ Kxh5 47.
g4+ Kg6 48.Kg3 Rb3 49.Ra1 Rb6 50.Ra3 Kf6 51.f4 gxf4+ 52.Kxf4 Rb4+ 53.Kf3 
Kg5 54.Ra5+ Kg6 55.Re5 Rb1 56.g5 Rf1+ 57.Kg2 Rf5 58.Rxf5 Kxf5 59.g6 Kf6 
60.g7 Kxg7 1/2-1/2

[Event "26th EUR-ch"]
[Site "Katowice POL"]
[Date "2026.04.12"]
[Round "5.80"]
[White "Paichadze, Luka"]
[Black "Gagic, Milan"]
[Result "1-0"]
[WhiteElo "2490"]
[BlackElo "2337"]
[EventDate "2026.04.07"]
[PlyCount "55"]

1.e4 e6 2.d4 d5 3.e5 c5 4.c3 Nc6 5.Nf3 Bd7 6.Be2 Nge7 7.O-O Ng6 8.Be3 Be7 
9.a3 a5 10.dxc5 O-O 11.Nbd2 a4 12.c4 Ngxe5 13.cxd5 exd5 14.Nxe5 Nxe5 15.
Rc1 Qa5 16.Nf3 Nxf3+ 17.Bxf3 Be6 18.Bd4 Rac8 19.Qe2 Rfe8 20.Qe5 Bf6 21.Qf4
Qc7 22.Qd2 Bxd4 23.Qxd4 Qc6 24.Rc3 Rb8 25.Bd1 Bd7 26.b4 axb3 27.Bxb3 Be6 
28.Ba4 1-0

[Event "26th EUR-ch"]
[Site "Katowice POL"]
[Date "2026.04.12"]
[Round "5.81"]
[White "Trushko, Andrii"]
[Black "Patrelakis, Evaggelos"]
[Result "1-0"]
[WhiteElo "2325"]
[BlackElo "2490"]
[EventDate "2026.04.07"]
[PlyCount "63"]

1.d4 Nf6 2.c4 g6 3.f3 Bg7 4.e4 d6 5.Nc3 O-O 6.Bd3 c5 7.d5 e6 8.Nge2 exd5 
9.exd5 a6 10.a4 Nbd7 11.f4 Re8 12.O-O Ng4 13.h3 Ne3 14.Bxe3 Rxe3 15.Qd2 
Re8 16.g4 Bd4+ 17.Kg2 Be3 18.Qc2 Nf6 19.Rf3 Nxg4 20.hxg4 Bxg4 21.Rg3 Bxe2 
22.Nxe2 Qf6 23.Rf1 Bd4 24.f5 g5 25.Nxd4 cxd4 26.Rh1 g4 27.Qd1 Re3 28.Qxg4+
Kh8 29.Rxh7+ Kxh7 30.Qh5+ Qh6 31.f6+ Rxd3 32.Rg7+ 1-0

[Event "26th EUR-ch"]
[Site "Katowice POL"]
[Date "2026.04.12"]
[Round "5.82"]
[White "Krasteva, Beloslava"]
[Black "Saraci, Nderim"]
[Result "0-1"]
[WhiteElo "2332"]
[BlackElo "2483"]
[EventDate "2026.04.07"]
[PlyCount "91"]

1.d4 Nf6 2.Bg5 e6 3.e4 h6 4.Bxf6 Qxf6 5.Nc3 Bb4 6.Qd3 d5 7.O-O-O Bxc3 8.
Qxc3 dxe4 9.f3 Nd7 10.Kb1 c5 11.fxe4 cxd4 12.Qxd4 Qxd4 13.Rxd4 Ne5 14.Nf3 
Nxf3 15.gxf3 Bd7 16.Rg1 g5 17.h4 Ke7 18.hxg5 Rag8 19.Bc4 Rxg5 20.Rh1 Rg3 
21.Be2 Rg2 22.Bd1 h5 23.e5 Bc6 24.Rdh4 Rf2 25.R4h2 Rxh2 26.Rxh2 f6 27.
exf6+ Kxf6 28.Kc1 Kg5 29.f4+ Kxf4 30.Rxh5 Rxh5 31.Bxh5 Ke3 32.c4 e5 33.b4 
a6 34.Kc2 e4 35.Bg6 Kd4 36.b5 axb5 37.cxb5 Bxb5 38.Kd1 Ke3 39.Ke1 Kd3 40.
a3 b6 41.Bf7 Bc6 42.Bb3 Kc3 43.Bd1 b5 44.Ke2 Kb2 45.Ke3 Kxa3 46.Kd4 0-1